00725nam a2200229 a 4500001001300000003000900013005001700022008004100039020002300080082002100103100001700124245004500141260005000186300000900236500003500245650002900280700001700309902000800326942000700334952013700341999001700478nice12345678IN_TiNIC20260116014626.0070412s2005 dela grp 000 0 eng  a8189526766 c60000a324.245408bBHA1 aBhatt, Umesh aReligious Fundamentalism and Human Right aDelhi bVista International Pub. House c2005 a255p aincludes index and biblioraphy aReligious Fundamentalism1 aBhatt, Umesh bSRS cBK 001040708StackRoom-aHMIbHMId2007-04-13g600.00l5m1o324.245408 BHA1p021840r2026-03-05s2026-02-10v600.00w2007-04-12yBK c16284d16284